Eski Türkiye Türkçesinde edatlar, bağlaçlar, ünlemler ve zarf-fiiller/ (Kayıt no. 15748)

MARC ayrıntıları
000 -BAŞLIK
Sabit Uzunlukta Kontrol Alanı 00917nam a22002417a 4500
999 ## - SİSTEM KONTROL NUMARALARI (KOHA)
Koha Biblionumber 15748
Koha Biblioitemnumber 15748
003 - KONTROL NUMARASI IDENTIFIER
Denetim Alanı MIRAKIL
005 - SON İŞLEM TARİHİ VE ZAMANI
Denetim Alanı 20240322121029.0
008 - SABİT-BOY VERİ ELEMANLARI - GENEL BİLGİLER
Sabit Uzunlukta Kontrol Alanı 240322b tu ||||| |||| 00| 0 tur d
020 ## - ULUSLARARASI STANDART KİTAP NUMARASI
Uluslararası Standart Kitap Numarası 9789751616876
040 ## - KATALOGLAMA KAYNAK
Orijinal Kataloglama Ajansı TR-AnCHP
Metne Dönüştürmek Ajansı TR-AnCHP
041 ## - DİL KODU
Metin / Ses Parça Veya Ayrı Başlığın Dil Kodu TUR
082 ## - DEWEY ONLU SINIFLANDIRMA NUMARASI
Sınıflandırma Numarası 417.02
Ürün Numarası T54e 2020
100 ## - ANA GİRİŞ - KİŞİSEL İSİM
Kişisel Ad Tiken, Kamil
245 10 - BAŞLIK TABLOSU
Başlık Eski Türkiye Türkçesinde edatlar, bağlaçlar, ünlemler ve zarf-fiiller/
Sorumluluk Tablosu, Vb Kâmil Tiken ; metin denetimi : Kübra Kıcır.
250 ## - EDITION TABLOSU
Baskı Beyanı Gözden geçirilmiş ikinci baskı: Ankara, 2020 Ağustos
260 ## - YAYIN, DAĞITIM, VB
Yayın, Dağıtım, Vb Yeri Ankara :
Yayıncı, Dağıtıcı, Vs Adı Türk Dil Kurumu,
Yayın, Dağıtım, Vb Tarihi 2020.
300 ## - FİZİKSEL TANIM
Kapsam 193 sayfa ;
Boyutlar 24 cm.
490 0# - SERİSİ TABLOSU
Seri Beyanı Atatürk Kültür, Dil ve Tarih Yüksek Kurumu Türk Tarih Kurumu yayınları ;
Hacim / Ardışık Tanımı 837.
504 ## - KAYNAKÇA VB NOT
Kaynakça Vb Notu Kaynakça: sayfa [189]-193.<br/>
650 #0 - KONU KATMA GİRİŞ - TOPİKAL DÖNEM
9 (RLIN) 7751
Topikal Süreli Veya Coğrafi Ad Giriş Elemanı Eski Türk dili
856 ## - ELEKTRONİK YER VE ERİŞİM
Kamu Notu Dijital Nüshası için Partimizin Kütüphane Sorumlusu ile iletişime geçiniz.
942 ## - EKLENDİ GİRİŞ ELEMANLARI (KOHA)
Sınıflandırma Veya Raf Düzeni Kaynak Dewey Decimal Classification
Koha Öğesi Türü Kitaplar
Mevcut
Kalıcı Konum Mevcut Konum Edinme Tarihi Toplam Check-Out'Lar Tam Çağrı Numarası Barkod Tarih Son Görülme İtibaren Geçerli Fiyatlar Koha Öğesi Türü
CHP Kütüphanesi CHP Kütüphanesi 03/22/2024   417.02 T54e 2020 21682 03/22/2024 03/22/2024 Kitaplar